| 000 | 00577nam a2200205Ia 4500 | ||
|---|---|---|---|
| 005 | 20260429112045.0 | ||
| 008 | 260429s9999||||xx |||||||||||||| ||und|| | ||
| 020 | _a9789369672097 | ||
| 041 | _aEnglish | ||
| 082 |
_a302.23 _bGUP |
||
| 100 | _aGupta, Renu | ||
| 245 | 0 |
_aIntroduction to mass communication media literacy culture / _cRenu Gupta |
|
| 250 | _a1st ed. | ||
| 260 |
_aNew Delhi : _bScientific Books International, _c2026. |
||
| 300 | _a254 p.; hb | ||
| 650 | _a Cultural studies | ||
| 650 | _a Media literacy | ||
| 650 | _aMass communication | ||
| 942 | _cTB | ||
| 999 |
_c52123 _d52123 |
||